| 000 | 01547cam a22004337a 4500 | ||
|---|---|---|---|
| 003 | CHAP | ||
| 005 | 20220817043750.0 | ||
| 008 | 010320s2001 mx a r 00010 spa d | ||
| 010 | _a83778 | ||
| 011 | _a84750 | ||
| 035 | _a95276 | ||
| 040 | _cCHAP | ||
| 090 | _aTesis | ||
| 100 | 0 | 0 |
_aJoaquin Cancino, Victor. _961720 |
| 245 | 1 | 0 |
_aBotánica económica de cuatro especies de San Juan Ixcaquixtla, Mixteca Poblana _c/por Victor Joaquin Cancino |
| 260 |
_aChapingo, Méx. : _bEl autor, _c2001. |
||
| 300 |
_a107 h. : _bilus. ; cuadros |
||
| 502 | _aTesis (Ing. Forestal) -- UACH. División de Ciencias Forestales | ||
| 590 |
_aALEPH _b10 _c20130110 _lUCH01 _h1441 |
||
| 590 |
_aBATCH-UPD _b10 _c20130110 _lUCH01 _h0035 |
||
| 590 |
_aBATCH-UPD _b10 _c20130110 _lUCH01 _h0600 |
||
| 590 |
_aBATCH-UPD _b10 _c20130110 _lUCH01 _h2301 |
||
| 590 |
_aBATCH-UPD _b10 _c20130409 _lUCH01 _h2018 |
||
| 590 |
_aBATCH-UPD _b10 _c20130410 _lUCH01 _h0435 |
||
| 590 |
_aBATCH-UPD _b10 _c20130914 _lUCH01 _h0737 |
||
| 590 |
_aCONVERSION _b10 _c20130109 _lUCH01 _h1347 |
||
| 650 | 1 | 4 |
_aBotánica economica _xPuebla. |
| 650 | 1 | 4 |
_aBotánica _xPuebla. _914608 |
| 650 | 1 | 4 |
_aBrahea dulcis. _914988 |
| 650 | 1 | 4 |
_aHuertos familiares. _956726 |
| 650 | 1 | 4 |
_aLeucaena leucocephala. _966380 |
| 650 | 1 | 4 |
_aSideroxylon palmeri. _9105814 |
| 650 | 1 | 4 |
_aStenocereus. _9109642 |
| 901 | _aBK | ||
| 905 | _aPatricia Mendoza P. | ||
| 942 | _cFOLL | ||
| 949 |
_bBC _cTES _d33724000817755 _eTS2 _fc.2 _h37651 _i95276 _kDonaciØn _so |
||
| 949 |
_bBC _cTES _d952761 _eTS1 _h37650 _i95276 _kDonaciØn _sb |
||
| 999 |
_c83778 _d83778 |
||